Normal view
MARC view
Entry Personal Name
Number of records used in: 229
001 - CONTROL NUMBER
- control field: 27882
003 - CONTROL NUMBER IDENTIFIER
- control field: dpl
005 - DATE AND TIME OF LATEST TRANSACTION
- control field: 20110509120029.0
008 - FIXED-LENGTH DATA ELEMENTS
- fixed length control field: 110509|||a|||||| | ||| d
040 ## - CATALOGING SOURCE
- Original cataloging agency: dpl
- Transcribing agency: dpl
100 ## - HEADING--PERSONAL NAME
- Personal name: चतुर्वेदी, चित्रा
670 ## - SOURCE DATA FOUND
- Source citation: Work cat.: (dpl): 747, हास्य-व्यंग्य के रंग-ढंग पिता पुत्री के संग-संग /, 2010
670 ## - SOURCE DATA FOUND
- Source citation: Work cat.: (dpl): 747, हास्य-व्यंग्य के रंग-ढंग पिता पुत्री के संग-संग /, 2010
